Theory and practice of seamanship (Record no. 30221)

000 -LEADER
fixed length control field 00486nam a2200193u 4500
001 - CONTROL NUMBER
control field 30221
003 - CONTROL NUMBER IDENTIFIER
control field BD-DhUET
008 - FIXED-LENGTH DATA ELEMENTS--GENERAL INFORMATION
fixed length control field 830701s1966 enka 000 0 eng
020 ## - INTERNATIONAL STANDARD BOOK NUMBER
International Standard Book Number 0710005024
040 ## - CATALOGING SOURCE
Original cataloging agency DLC
Transcribing agency CarP
Modifying agency BD-DhUET
082 ## - DEWEY DECIMAL CLASSIFICATION NUMBER
Classification number 626.88
Item number DAN/1966
100 ## - MAIN ENTRY--PERSONAL NAME
Personal name Danton, Graham
245 14 - TITLE STATEMENT
Title Theory and practice of seamanship
250 ## - EDITION STATEMENT
Edition statement 2nd ed.
260 ## - PUBLICATION, DISTRIBUTION, ETC. (IMPRINT)
Place of publication, distribution, etc. London
Name of publisher, distributor, etc. Routledge & Paul
Date of publication, distribution, etc. 1966
300 ## - PHYSICAL DESCRIPTION
Extent xv, 524 p.
Other physical details illus.
Dimensions 23 cm.
650 #0 - SUBJECT ADDED ENTRY--TOPICAL TERM
Topical term or geographic name as entry element Seamanship
942 ## - ADDED ENTRY ELEMENTS (KOHA)
Koha item type General Book
Holdings
Shelving location Sublocation or collection (holding branch) Location (home branch) Koha normalized classification for sorting Koha full call number Lost status Koha item type Source of classification or shelving scheme Withdrawn status Piece designation (barcode) Koha date last seen Copy number Damaged status Price effective from Date acquired Not for loan
Reading sectionCentral Library, BUETCentral Library, BUET626_880000000000000_DAN_1966626.88/DAN/1966 General Book  532462015-06-211 2015-06-212015-06-21 
Reading sectionCentral Library, BUETCentral Library, BUET626_880000000000000_DAN_1966626.88/DAN/1966 General Book  532472015-06-232 2015-06-232015-06-23